Pharmacogénétique 2 - Statistiques

Statistiques générales
  • Ce quiz a été pris 8 fois
  • Le résultat moyen est 3 sur 10
Statistiques - réponses
Hint Réponse % Correct
Clopidogrel
Voriconazole
2C19
43%
Warfarinne 2C9
43%
Tacrolimus 3A4
3A5
43%
Codéine
Tramadol
2D6
29%
carbamazepine HLAB 1502
HLAB3101
29%
Anti vitamine K VKORC
29%
5-FU DPD
14%
abacavir HLAB 5701
14%
azathioprine
6-mercaptopurine
6-thioguanine
TPMT
14%
irinotecan UGT1A1
14%
Aucun quiz correspondant
Distribution des résultats
% des personnes avec chaque résultat
Percentile par nombre de réponses
Votre historique - résultats
Vous n’avez pas pris ce quiz